Κρήτη : μια ήπειρος σ'ένα νησί

Αποθηκεύτηκε σε:
Λεπτομέρειες βιβλιογραφικής εγγραφής
Κύριος συγγραφέας: Τσαντίλης, Δήμος
Συγγραφή απο Οργανισμό/Αρχή: Μουσείο Φυσικής Ιστορίας Κρήτης
Άλλοι συγγραφείς: Τριχάς, Αποστόλης (Επιμελητής έκδοσης), Μυλωνάς, Μωυσής (Επιμελητής έκδοσης)
Μορφή: Βιβλίο
Γλώσσα:Greek
Δημοσίευση: Ηράκλειο Κρήτης : Μουσείο Φυσικής Ιστορίας Κρήτης, 2014
Θέματα:
Ετικέτες: Προσθήκη ετικέτας
Δεν υπάρχουν, Καταχωρήστε ετικέτα πρώτοι!

MARC

LEADER 00000cam a2200000 i 4500
001 1/51644
008 140716s2014 gre d
020 |a 978-960-367-036-0 
035 |l 10118366 
040 |a GR-MY-UA  |b gre  |e aacr 
041 0 |a gre 
082 0 |a 508.4959  |2 (23) 
100 1 |a Τσαντίλης, Δήμος. 
110 2 |a Μουσείο Φυσικής Ιστορίας Κρήτης. 
245 1 0 |a Κρήτη :  |b μια ήπειρος σ'ένα νησί /  |c Δήμος Τσαντίλης, Μουσείο Φυσικής Ιστορίας - Πανεπιστήμιο Κρήτης ; επιμέλεια κειμένων: Αποστόλης Τριχάς, Μωυσής Μυλωνάς 
260 |a Ηράκλειο Κρήτης :   |b Μουσείο Φυσικής Ιστορίας Κρήτης,   |c 2014 
300 |a 276 σ.;  |b έγχρ.εικ.;  |c 25X28 εκ. 
650 0 0 |a Natural history  |z Greece  |z Crete. 
650 0 0 |a Biodiversity  |z Greece  |z Crete. 
650 0 0 |a Botany  |z Greece  |z Crete. 
650 0 0 |a Animal ecology  |z Greece  |z Crete. 
651 0 |a Crete (Greece)  |x Environmental conditions. 
700 1 |a Τριχάς, Αποστόλης.  |4 edt 
700 1 |a Μυλωνάς, Μωυσής.  |4 edt 
852 |a INST  |b LEMNOS  |e 20140716  |h 508.4959 ΤΣΑ  |p 005600001701  |q 005600001701  |t BK  |y 0 
901 |a BIBL6-2014-2 
909 |a Μ  |b 161448 
922 |a 6ΕΛΗ 
970 |a ΜΟΣΧΟΒΗ  |b ΕΥΑΓΓΕΛΙΑ  |z 2014/07/16